Základné práva a povinnosti občanov ČSSR /

Hlavní autor: Palúš, Igor
Jazyk: Slovenština
Vydáno: Bratislava : Obzor, 1988
Vydání: 1. vyd.
Témata:
Fyzický popis: 203 s.
Knihy
Uloženo v:
LEADER 01083nam a22003252a 4500
001 000246358
003 CZ BrMZK
005 20180625104515.0
007 ta
008 950101s1988 xo f slo d
040 |a BOA001  |b cze 
072 7 |a 341  |x Mezinárodní právo  |2 Konspekt  |9 16 
080 |a 341.231.14  |2 MRF 
080 |a 342.7  |2 MRF 
080 |a (437)  |2 MRF 
080 |a (035)  |2 MRF 
100 1 |a Palúš, Igor  |7 jx20031204011  |4 aut 
245 1 0 |a Základné práva a povinnosti občanov ČSSR /  |c Igor Palúš 
250 |a 1. vyd. 
260 |a Bratislava :  |b Obzor,  |c 1988 
300 |a 203 s. 
500 |a V tiráži vročení 1987 
504 |a Obsahuje bibliografii 
650 0 7 |a lidská práva  |7 ph122331  |z Československo  |2 czenas 
655 7 |a příručky  |7 fd133209  |2 czenas 
910 |a BOA001  |b 2-0927.573  |b PK-0106.568 
920 |a 000051599 
990 |a BK 
996 7 |b 2619871880  |c 2-0927.573  |l MZK  |r Sklad / do 1 hodiny  |n 4  |w 000246358  |u 000010  |a 1  |e BOA001  |j MZK50  |s A 
996 7 |b 3119977999  |c PK-0106.568  |l MZK  |r Sklad / do 1 hodiny  |n 0  |w 000246358  |u 000020  |a 1  |e BOA001  |j MZK50  |s A